Statistics for Rhode Island Cities A-Z

Click here to take the quiz!

General Stats

  • This quiz has been taken 29 times
    (16 since last reset)
  • The average score is 8 of 12

Answer Stats

PopulationMunicipality or CDP% Correct
E47,139East Providence
100%
N34,114North Providence
100%
P190,934Providence
100%
W82,823Warwick
93%
C82,934Cranston
86%
S31,931South Kingstown
71%
B22,493Bristol
64%
J29,568Johnston
57%
L22,529Lincoln
50%
T16,359Tiverton
50%
M17,075Middletown
43%
V12,094Valley Falls
21%

Score Distribution

Percentile by Number Answered

Percent of People with Each Score

Your Score History

You have not taken this quiz since the last reset